000 00686nam a2200241Ia 4500
003 OSt
005 20220918191230.0
006 a|||||r|||| 00| 0
007 ta
008 220917b |||||||| |||| 00| 0 eng d
024 _a62,141
037 _cTextual
040 _aARTS
_cARTS
_beng
041 _2eng
_aeng
082 _aRjN05, K9
100 _aRescher Nicholas ed
_975379
245 0 _aEssays in honor of Carl G Hampel
_b a tribute on the occansion of his sixty fifth birthday
260 _c1969
490 _asynthese klibrary ed by Donald Davidson
650 _aPHILOSOPHY
942 _hRjN05, K9
_cTEXL
_2CC
999 _c188862
_d188862